000 00538cam a2200193Ii 4500
020 _a0882460374
020 _a9780882460376
040 _cWTU
082 0 4 _a634 O.S 1975 A040 Or.
245 0 0 _aForest resource management :
_bdecision-making principles and cases /
250 _a1975 ed.
260 _aCorvallis, Ore. :
_bO.S.U. Book Stores,
_c1975.
300 _a2 v. :
_bill. ;
_c24 cm.
650 0 _aForests and forestry.
650 0 _aForest management.
650 0 _aForest policy.
700 1 _aDuerr, William A.
942 _cEK
999 _c12247
_d12247